000 00461nam a2200169 i 4500
001 50650
003 ES-MaACL
005 20250823051517.0
007 t|
008 030806s1970 sp ||||1| spa d
100 1 _aCunqueiro, Álvaro,
_d1911-1981
_942188
245 1 0 _aLaberinto y cia /
_cAlvaro Cunqueiro.
260 _aBarcelona :
_bTaber,
_c[1970]
300 _a377 p. ;
_c19 cm.
852 _aES-MaACL
_jC-39951
_bR.73198
999 _c50650
_d50650